000 00712nam a2200181 i 4500
001 180433
003 ES-MaACL
005 20230906221108.0
008 120604s1970 sp |||| | spa d
080 _a549.12(043.2)
100 1 _aLópez Soler, Angel.
_9150330
245 1 0 _aEstudio de minerales opacos por microscopia cuantitativa de reflexion
_b: microdureza y reflectividad /
_cpor Angel López Soler.
260 _aBarcelona :
_bUniversidad de Barcelona, Secretariado de Publicaciones, Intercambio Científico y Extensión Universitaria,
_c1970.
300 _a21 p. :
_bgraf. ;
_c24 cm.
650 0 0 _aMineralogía.
_915053
710 2 _aUniversidad de Barcelona.
_97141
852 _aES-MaACL
_jE-15362(28)
999 _c180433
_d180433